International financial integration and volatility of financial flows

Makroekonomická stabilita predstavuje výrazný fundamentálny pilier udržania dlhodobého ekonomického rastu. Súčasná empirická literatúra zdôrazňuje potrebu skúmania vplyvu narastajúcej medzinárodnej finančnej integrácie na makroekonomickú stabilitu krajín. Zatiaľ čo sa efekty medzinárodnej finančnej...

Full description

Saved in:
Bibliographic Details
Main Author: Mirdala, Rajmund
Other Authors: Svrčeková, Aneta
Format: Book Chapter
Language:English
Subjects:
Tags: Add Tag
No Tags, Be the first to tag this record!

MARC

LEADER 00000naa a2200000 4500
001 0195263
005 20220204144203.8
041 0 |a eng 
044 |a SK 
245 1 0 |a International financial integration and volatility of financial flows  |c Rajmund Mirdala, Aneta Svrčeková 
520 |a Makroekonomická stabilita predstavuje výrazný fundamentálny pilier udržania dlhodobého ekonomického rastu. Súčasná empirická literatúra zdôrazňuje potrebu skúmania vplyvu narastajúcej medzinárodnej finančnej integrácie na makroekonomickú stabilitu krajín. Zatiaľ čo sa efekty medzinárodnej finančnej integrácie líšia v závislosti od celkovej výkonnosti krajiny, dopady nadmernej volatility medzinárodných finančných pohybov zostávajú diskutabilné. Analýza vzťahu medzinárodnej finančnej integrácie a volatilita finančných tokov. Skúmanie medzinárodnej finančnej integrácie a jej pôsobenia na makroekonomickú volatilitu či stabilitu je prínosné aj v kontexte očakávania pozitívnej previazanosti medzi makroekonomickou volatilitou a ekonomickým rastom, dlhodobých trendov klesajúcej makroekonomickej nestability v celosvetovom meradle, avšak na strane druhej výskytu sprievodných negatívnych fenoménov finančnej integrácie - finančnými krízami. 
610 2 0 |a integrácia ekonomická medzinárodná 
610 2 0 |a volatilita 
610 2 0 |a makroekonomika 
610 2 0 |a stabilita finančná 
610 2 0 |a stabilita hospodárstva 
610 2 0 |a rast hospodársky 
610 2 0 |a cash flow 
100 1 |a Mirdala, Rajmund 
700 1 |a Svrčeková, Aneta